000 00280nam a22001217a 4500
041 _aENG
100 _aRonald.C.Denney
245 _aWhat Solar Energy Can do For You
260 _aDelhi
_bFrederick Muller London
_c1980
300 _a106
650 _aEOES (12 )
856 _uEOES
999 _c2687
_d2687